000 00607cam a22002172a 4500
001 018296
003 AR-FADEU
008 311216n1999####xxu####################dd
020 _a950-23-0899-X
092 _a372.6
_bA472
100 _aAlvarado, Maite
245 _aLa escritura y sus formas discursivas ; curso introductorio
260 _aBuenos Aires
260 _bEUDEBA
260 _c1999
300 _a123 p
500 _aIncluye: Apéndice p.107-123
700 _aAlicia, Yeannoteguy
650 _aLENGUA-ESCRITA>ESCRITURA; ARGUMENTACION; NARRACIÓN; COMUNICACION ESCRITA
942 _cBDGR
999 _c24033
_d24033